000 00466cam a2200181 4500
001 D11362
008 090401t1977 xxu||||| |||| 00| 0 eng d
035 _a(Sirsi) u97894
041 _aeng
050 _a526
100 _hRhind.D.W
245 _aStorage and retrieval of information
260 _c1977
350 _a0
520 _aIn RICS. "Land resources: development and ownership" annual conference...1977 1977/30 AB
942 _n0
948 _c04/03/1997
999 _c99021
_d99021